История дипломатии России. Т. 1: IX - начало XX века (Запись № 13546604)

Подробности
000 -МАРКЕР
контрольное поле 02322nam2a2200325 4500
001 - ИДЕНТИФИКАТОР ЗАПИСИ
контрольное поле RU\NLR\BIBL_A\022718293
005 - ИДЕНТИФИКАТОР ВЕРСИИ
контрольное поле 20260317155354.0
010 ## - МЕЖДУНАРОДНЫЙ СТАНДАРТНЫЙ НОМЕР КНИГИ (ISBN)
Номер (ISBN) 978-5-9228-3077-5
021 ## - НОМЕР ГОСУДАРСТВЕННОЙ РЕГИСТРАЦИИ
Код страны Российская Федерация
Номер КН-П-25-078413
Номер Листа государственной регистраци КН-П-25-7599
035 ## - ДРУГИЕ СИСТЕМНЫЕ НОМЕРА
Идентификатор записи (NLR Aleph) 022718293
100 ## - ДАННЫЕ ОБЩЕЙ ОБРАБОТКИ
Данные общей обработки 20260204d2026 u y0rusy50 ca
101 0# - ЯЗЫК РЕСУРСА
Язык текста, звукозаписи и т.д. русский
102 ## - СТРАНА ПУБЛИКАЦИИ ИЛИ ПРОИЗВОДСТВА
Страна публикации Российская Федерация
105 ## - ПОЛЕ КОДИРОВАННЫХ ДАННЫХ: ТЕКСТОВЫЕ МАТЕРИАЛЫ, МОНОГРАФИЧЕСКИЕ
Кодированные данные о монографическом текстовом документе acbhj 001yy
200 1# - ЗАГЛАВИЕ И СВЕДЕНИЯ ОБ ОТВЕТСТВЕННОСТИ
Основное заглавие IX - начало XX века
Параллельное заглавие 9th - early 20th centuries
Первые сведения об ответственности А. И. Кузнецов, А. Н. Панов, Ю. А. Райков, В. В. Самойленко
Язык параллельного заглавия английский
210 ## - ПУБЛИКАЦИЯ, РАСПРОСТРАНЕНИЕ И ДР.
Дата издания, распространения и т.д. 2026 (печ. 2025)
215 ## - ФИЗИЧЕСКАЯ ХАРАКТЕРИСТИКА
Специфическое обозначение материала и объем 362, [2] с.
Другие сведения о физической характеристике ил., портр., карт., факс.
300 ## - ОБЩИЕ ПРИМЕЧАНИЯ
Текст примечания В конце кн. авт.: Кузнецов А. И. - проф., канд. ист. наук, Панов А. Н. - проф., д-р полит. наук, Заслуж. работник дипломат. службы Рос. Федерации, Райков Ю. А. - проф., д-р ист. наук, Самойленко В. В. - проф., канд. ист. наук
320 ## - ПРИМЕЧАНИЯ О НАЛИЧИИ В ДОКУМЕНТЕ БИБЛИОГРАФИИ / УКАЗАТЕЛЯ
Текст примечания Указ. имен в конце кн.
461 #0 - УРОВЕНЬ НАБОРА
Встроенное поле 001RU\NLR\BIBL_A\022718292
-- 2001#$aИстория дипломатии России$vТ. 1
Системный номер (АБИС) связанной записи 13635951
Место публикации Москва
Дата публикации 2026 (печ. 2025)
Первые сведения об ответственности под редакцией академика А. В. Торкунова
Параллельное заглавие History of Russian diplomacy
Имя издателя, распространителя и т.д. Издательский дом МГИМО
Сведения, относящиеся к заглавию учебник : для студентов вузов, изучающих историю международных отношений и историю дипломатии России : в трёх томах
Заглавие История дипломатии России
ISBN 978-5-9228-3076-8
Номер тома Т. 1
510 1# - ПАРАЛЛЕЛЬНОЕ ЗАГЛАВИЕ
Параллельное заглавие 9th - early 20th centuries
Язык заглавия английский
701 #1 - ИМЯ ЛИЦА - АЛЬТЕРНАТИВНАЯ ОТВЕТСТВЕННОСТЬ
Графика поля Кириллица
Материалы, к которым относится поле rus
Начальный элемент ввода Кузнецов
Часть имени, кроме начального элемента ввода А. И.
Дополнения к именам, кроме дат канд. ист. наук
Расширение инициалов личного имени Александр Игоревич
Системный номер авторитетной/нормативной записи 32483
Идентификатор авторитетной/нормативной записи RU\NLR\AUTH\7749548
701 #1 - ИМЯ ЛИЦА - АЛЬТЕРНАТИВНАЯ ОТВЕТСТВЕННОСТЬ
Графика поля Кириллица
Материалы, к которым относится поле rus
Начальный элемент ввода Панов
Часть имени, кроме начального элемента ввода А. Н.
Дополнения к именам, кроме дат д-р полит. наук, дипломат
Даты 1944-
Расширение инициалов личного имени Александр Николаевич
Системный номер авторитетной/нормативной записи 250225
Идентификатор авторитетной/нормативной записи RU\NLR\AUTH\770250281
701 #1 - ИМЯ ЛИЦА - АЛЬТЕРНАТИВНАЯ ОТВЕТСТВЕННОСТЬ
Начальный элемент ввода Райков
Часть имени, кроме начального элемента ввода Ю. А.
Расширение инициалов личного имени Юрий Андреевич
701 #1 - ИМЯ ЛИЦА - АЛЬТЕРНАТИВНАЯ ОТВЕТСТВЕННОСТЬ
Начальный элемент ввода Самойленко
Часть имени, кроме начального элемента ввода В. В.
Даты 1947-2018
Расширение инициалов личного имени Виктор Васильевич
942 ## - ДОПОЛНИТЕЛЬНЫЕ ЭЛЕМЕНТЫ ЗАПИСИ (АБИС)
Тип экземпляра АБИС Книга
980 ## - КОЛЛЕКЦИЯ
Название коллекции Национальная библиография

Нет доступных экземпляров.